| 000 | 01488cpcaa2200313 a 4500 | ||
|---|---|---|---|
| 001 | mm 79005604 | ||
| 003 | DLC | ||
| 005 | 20260227111651.0 | ||
| 008 | 800102|||||||||||| eng | ||
| 010 | _amm 79005604 | ||
| 040 |
_aDLC _cDLC _dDLC _edacs |
||
| 072 | 7 |
_aW _2lcmd |
|
| 100 | 1 |
_aTwichell, Ginery, _d1811-1883. |
|
| 245 | 0 | 0 |
_aGinery Twichell papers, _f1849-1935. |
| 300 |
_a28 _fitems. |
||
| 506 | 0 | _aOpen to research. | |
| 520 | 8 | _aCorrespondence, newspaper clippings, railroad timetables, circulars, a legislative bill, social invitation, bookplates, and other papers relating chiefly to Twichell's business interests as president of several railroad companies (1850s-1870s) and to his service as U.S. representative from Massachusetts (1867-1873). | |
| 533 |
_aIn part, handwritten transcript. _b[S.l.]. |
||
| 545 | 0 | _aU.S. representative from Massachusetts and railroad official. | |
| 546 | _aCollection material in English. | ||
| 580 | _aForms part of: Miscellaneous Manuscripts collection. | ||
| 650 | 0 |
_aRailroad companies _zUnited States. |
|
| 651 | 0 |
_aMassachusetts _xPolitics and government _y1865-1950. |
|
| 651 | 0 |
_aUnited States _xPolitics and government _y1865-1877. |
|
| 656 | 7 |
_aRailroad officials. _2itoamc |
|
| 656 | 7 |
_aRepresentatives, U.S. Congress _zMassachusetts. _2itoamc |
|
| 999 |
_c41953 _d41953 |
||